| 000 | 00000cas 2200000zi 4500 |
| 001 | 9.891607 |
| 003 | CaOODSP |
| 005 | 20251230103807 |
| 006 | m o d f |
| 007 | cr cn||||||||| |
| 008 | 200918c20189999oncar p o f0###a0eng|d |
| 022 | |a2562-9085 |
| 040 | |aCaOODSP|beng|erda|cCaOODSP |
| 043 | |an-cn--- |
| 086 | 1 |aCP100-5E-PDF |
| 110 | 2 |aNational Security and Intelligence Committee of Parliamentarians (Canada)|eissuing body. |
| 222 | 0|aAnnual report. Access to Information Act |b(National Security and Intelligence Committee of Parliamentarians (Canada)) |
| 245 | 10|aAnnual report. |pAccess to Information Act. |
| 246 | 30|aAccess to Information Act |
| 264 | 1|a[Ottawa] : |bSecretariat of the National Security and Intelligence Committee of Parliamentarians, |c[2018]- |
| 310 | |aAnnual |
| 336 | |atext|btxt|2rdacontent |
| 337 | |acomputer|bc|2rdamedia |
| 338 | |aonline resource|bcr|2rdacarrier |
| 362 | 1 |aBegan with 2017/2018. |
| 500 | |aIssued also in French under title: Rapport annuel. Loi sur l'accès à l'information. |
| 588 | |aDescription based on: 2017/2018. |
| 588 | |aLatest issue consulted: 2018/2019. |
| 610 | 20|aNational Security and Intelligence Committee of Parliamentarians (Canada) |vPeriodicals. |
| 650 | 0|aFreedom of information|zCanada|vPeriodicals. |
| 650 | 0|aGovernment information|zCanada|vPeriodicals. |
| 655 | 7|aPeriodicals|2lcgft |
| 775 | 08|tRapport annuel. |w(CaOODSP)9.891606 |